[Event "Porto San Giorgio op 20th"]
[Site "Porto San Giorgio"]
[Date "2008.08.23"]
[Round "3"]
[White "Di Caro, Calogero"]
[Black "Lantini, Marco"]
[Result "1/2-1/2"]
[WhiteElo "2399"]
[BlackElo "2212"]
[PlyCount "78"]
[EventDate "2008.08.21"]
[EventType "swiss"]
[EventRounds "9"]
[EventCountry "ITA"]
[SourceTitle "CBM 126 Extra"]
[Source "ChessBase"]
[SourceDate "2008.11.05"]
[SourceVersion "1"]
[SourceVersionDate "2008.11.05"]
[SourceQuality "1"]

1. d4 Nf6 2. c4 e6 3. Nf3 b6 4. e3 Bb7 5. Bd3 c5 6. 0-0 g6 7. Nc3 Bg7 8. d5 exd5 9. cxd5 0-0 10. e4 d6 11. Re1 a6 12. a4 Ng4 13. h3 Ne5 14. Nxe5 Bxe5 15. Be3 Qf6 16. Qd2 Rc8 17. Be2 Re8 18. Rad1 Nd7 19. Bg4 Bc8 20. Bg5 Qg7 21. Bh6 Qf6 22. Bg5 Qg7 23. f4 Bd4+ 24. Kh1 h5 25. Bf3 Bb7 26. Bh4 Bf6 27. Bxf6 Qxf6 28. Re2 b5 29. axb5 axb5 30. Nxb5 Ba6 31. Nc7 Bxe2 32. Bxe2 Reb8 33. Nxa8 Rxa8 34. Bb5 Nf8 35. Re1 Rb8 36. e5 Qh4 37. Bc6 Rxb2 38. Qxb2 Qxe1+ 39. Kh2 h4 1/2-1/2

[Event "ITA-chT"]
[Site "Arvier"]
[Date "2008.05.02"]
[Round "3.5"]
[White "Nguyen, Chi Minh"]
[Black "Di Caro, Calogero"]
[Result "1/2-1/2"]
[WhiteElo "2415"]
[BlackElo "2399"]
[PlyCount "74"]
[EventDate "2008.05.01"]
[EventType "team"]
[EventRounds "7"]
[EventCountry "ITA"]
[SourceTitle "CBM 124 Extra"]
[Source "ChessBase"]
[SourceDate "2008.07.03"]
[SourceVersion "1"]
[SourceVersionDate "2008.07.03"]
[SourceQuality "1"]

1. d4 d5 2. c4 c6 3. Nc3 Nf6 4. Nf3 Qb6 5. Qc2 Bg4 6. c5 Qc7 7. Ne5 Be6 8. Bf4 Qc8 9. f3 g6 10. g4 Bg7 11. e3 Nfd7 12. Nd3 h5 13. gxh5 Rxh5 14. Be2 Nf6 15. 0-0-0 Rh8 16. e4 Nbd7 17. Be3 Nh5 18. Kb1 Ndf6 19. Ka1 Bh6 20. Bxh6 Rxh6 21. Qd2 Rh8 22. Rhe1 Kf8 23. Nf2 Qc7 24. e5 Ne8 25. f4 Neg7 26. Bf3 Nf5 27. Ne2 Nhg7 28. Ng3 Rh4 29. Rg1 Ke8 30. Nxf5 Nxf5 31. Bg4 Qd7 32. Bxf5 Bxf5 33. Qe3 Kf8 34. Qg3 Rh5 35. Qf3 Rh4 36. Qg3 Rh5 37. Qf3 Rh4 1/2-1/2

[Event "ITA-chT"]
[Site "Arvier"]
[Date "2008.05.01"]
[Round "1.2"]
[White "Godena, Michele"]
[Black "Di Caro, Calogero"]
[Result "1/2-1/2"]
[WhiteElo "2528"]
[BlackElo "2399"]
[PlyCount "45"]
[EventDate "2008.05.01"]
[EventType "team"]
[EventRounds "7"]
[EventCountry "ITA"]
[SourceTitle "CBM 124 Extra"]
[Source "ChessBase"]
[SourceDate "2008.07.03"]
[SourceVersion "1"]
[SourceVersionDate "2008.07.03"]
[SourceQuality "1"]

1. e4 e5 2. Nf3 Nc6 3. Bc4 Bc5 4. c3 Nf6 5. d3 a6 6. Bb3 Ba7 7. 0-0 0-0 8. Re1 d6 9. h3 h6 10. Nbd2 Nh5 11. Nf1 Qf6 12. Be3 Nf4 13. Bxa7 Rxa7 14. Kh2 Ra8 15. Ne3 Ne7 16. Ng1 Be6 17. Bxe6 Nxe6 18. Qf3 Qxf3 19. Nxf3 Ng5 20. Nxg5 hxg5 21. d4 f6 22. Rad1 Rad8 23. f3 1/2-1/2

[Event "Porto San Giorgio op"]
[Site "Porto San Giorgio"]
[Date "2007.08.22"]
[Round "2"]
[White "Di Caro, Calogero"]
[Black "Rotoni, Matteo"]
[Result "1-0"]
[WhiteElo "2366"]
[BlackElo "2074"]
[PlyCount "99"]
[EventDate "2007.08.21"]
[EventType "swiss"]
[EventRounds "9"]
[EventCountry "ITA"]
[SourceTitle "CBM 120 Extra"]
[Source "ChessBase"]
[SourceDate "2007.11.01"]
[SourceVersion "1"]
[SourceVersionDate "2007.11.01"]
[SourceQuality "1"]

1. d4 d5 2. c4 Nc6 3. Nc3 e5 4. cxd5 Nxd4 5. e3 Nf5 6. Bb5+ Bd7 7. Qb3 Nd6 8. Bxd7+ Qxd7 9. Nf3 f6 10. 0-0 g6 11. e4 Bg7 12. Re1 Nh6 13. Bd2 0-0 14. Rac1 Nhf7 15. Na4 b6 16. Rc6 Nd8 17. Rc2 Rf7 18. Bb4 Bh6 19. Nc3 N8b7 20. Nb1 a5 21. Ba3 b5 22. Bc5 Nxc5 23. Rxc5 a4 24. Qd3 Nc4 25. b3 Bf8 26. Rc6 Na5 27. Rcc1 c5 28. Nfd2 Bd6 29. Na3 axb3 30. axb3 Rb8 31. Nc2 Qd8 32. Ra1 Qb6 33. Ra2 Rc8 34. Ne3 c4 35. bxc4 bxc4 36. Ndxc4 Nxc4 37. Nxc4 Qb4 38. Rc1 Rfc7 39. Rac2 Qa4 40. g3 Qa6 41. Qb3 Rb7 42. Qd3 Rb4 43. Qf1 Qa4 44. Nb6 Qxc2 45. Nxc8 Qxe4 46. Nxd6 Qxd5 47. Qa6 Rb8 48. Rc8+ Rxc8 49. Qxc8+ Kg7 50. Qd7+ 1-0

[Event "Civitanova Marche op 1st"]
[Site "Civitanova Marche"]
[Date "2006.08.06"]
[Round "9"]
[White "Brunello, Sabino"]
[Black "Di Caro, Calogero"]
[Result "1/2-1/2"]
[WhiteElo "2391"]
[BlackElo "2340"]
[PlyCount "40"]
[EventDate "2006.07.29"]
[EventType "swiss"]
[EventRounds "9"]
[EventCountry "ITA"]
[SourceTitle "EXT 2023"]
[Source "ChessBase"]
[SourceDate "2022.10.05"]
[SourceVersion "1"]
[SourceVersionDate "2022.10.05"]
[SourceQuality "1"]

1. e4 e6 2. d4 d5 3. e5 c5 4. c3 Qb6 5. Nf3 Nc6 6. a3 Nh6 7. b4 cxd4 8. cxd4 Nf5 9. Bb2 Bd7 10. h4 h5 11. g3 Rc8 12. Bh3 g6 13. Bxf5 gxf5 14. Nc3 Na5 15. Ne2 Nc4 16. Bc3 a5 17. bxa5 Nxa5 18. 0-0 Bb5 19. Bxa5 Qxa5 20. Re1 Qa4 1/2-1/2

[Event "Civitanova Marche op 1st"]
[Site "Civitanova Marche"]
[Date "2006.08.04"]
[Round "7"]
[White "Pulito, Alberto"]
[Black "Di Caro, Calogero"]
[Result "0-1"]
[WhiteElo "2215"]
[BlackElo "2340"]
[PlyCount "66"]
[EventDate "2006.07.29"]
[EventType "swiss"]
[EventRounds "9"]
[EventCountry "ITA"]
[SourceTitle "EXT 2023"]
[Source "ChessBase"]
[SourceDate "2022.10.05"]
[SourceVersion "1"]
[SourceVersionDate "2022.10.05"]
[SourceQuality "1"]

1. e4 e6 2. d4 d5 3. Nd2 Be7 4. Bd3 c5 5. dxc5 Nf6 6. Qe2 0-0 7. Ngf3 a5 8. 0-0 Na6 9. e5 Nd7 10. c3 Naxc5 11. Bc2 b6 12. Re1 f6 13. Nf1 Ba6 14. Qe3 Qc7 15. Ng3 fxe5 16. Nxe5 Nf6 17. Nf3 Bd6 18. Qg5 Rae8 19. Be3 Nce4 20. Qh4 Nxg3 21. hxg3 e5 22. Bg5 e4 23. Nd4 Bc5 24. Rad1 Bc8 25. Bf4 Qf7 26. Ba4 Bd7 27. Bb3 a4 28. Bc2 h6 29. Be3 Ng4 30. Rd2 Re5 31. Bxa4 Nxe3 32. Bxd7 Nc4 33. Nc6 Bxf2+ 0-1

[Event "Civitanova Marche op 1st"]
[Site "Civitanova Marche"]
[Date "2006.07.31"]
[Round "3"]
[White "Calavalle, Giulio"]
[Black "Di Caro, Calogero"]
[Result "1/2-1/2"]
[WhiteElo "2200"]
[BlackElo "2340"]
[PlyCount "24"]
[EventDate "2006.07.29"]
[EventType "swiss"]
[EventRounds "9"]
[EventCountry "ITA"]
[SourceTitle "EXT 2023"]
[Source "ChessBase"]
[SourceDate "2022.10.05"]
[SourceVersion "1"]
[SourceVersionDate "2022.10.05"]
[SourceQuality "1"]

1. d4 Nf6 2. c4 d6 3. f3 e5 4. d5 e4 5. Nc3 Bf5 6. g4 Nxg4 7. fxg4 Qh4+ 8. Kd2 e3+ 9. Kxe3 Qg5+ 10. Kf2 Qh4+ 11. Ke3 Qg5+ 12. Kf2 Qh4+ 1/2-1/2

[Event "San Marino op 2nd"]
[Site "San Marino"]
[Date "2006.06.11"]
[Round "9"]
[White "Di Caro, Calogero"]
[Black "Khmelniker, Ilya"]
[Result "1-0"]
[WhiteElo "2318"]
[BlackElo "2451"]
[PlyCount "73"]
[EventDate "2006.06.03"]
[EventType "swiss"]
[EventRounds "9"]
[EventCountry "SMR"]
[SourceTitle "CBM 112 Extra"]
[Source "ChessBase"]
[SourceDate "2006.07.14"]
[SourceVersion "1"]
[SourceVersionDate "2006.07.14"]
[SourceQuality "1"]

1. d4 Nf6 2. c4 g6 3. g3 Bg7 4. Bg2 0-0 5. Nf3 d6 6. 0-0 c6 7. Nc3 Bf5 8. b3 Ne4 9. Bb2 Nxc3 10. Bxc3 Be4 11. Qd2 Nd7 12. Qe3 d5 13. Bh3 Bxf3 14. Qxf3 e6 15. Qd3 Nb6 16. Rfd1 Re8 17. a4 f5 18. e3 Rc8 19. c5 Nd7 20. b4 e5 21. b5 e4 22. Qd2 Nf8 23. Rdb1 Qe7 24. a5 Ne6 25. a6 Ng5 26. Bg2 bxa6 27. Rxa6 Nf3+ 28. Bxf3 exf3 29. Rxc6 Qe4 30. Ra1 Rxc6 31. bxc6 g5 32. c7 h5 33. Qd1 h4 34. Rb1 f4 35. exf4 hxg3 36. hxg3 gxf4 37. Rb8 1-0

[Event "Cutro op-A 12th"]
[Site "Cutro"]
[Date "2006.04.27"]
[Round "5"]
[White "Di Caro, Calogero"]
[Black "Van Hoolandt, Patrick"]
[Result "1-0"]
[WhiteElo "2318"]
[BlackElo "2246"]
[PlyCount "74"]
[EventDate "2006.04.23"]
[EventType "swiss"]
[EventRounds "9"]
[EventCountry "ITA"]
[SourceTitle "CBM 111 Extra"]
[Source "ChessBase"]
[SourceDate "2006.05.09"]
[SourceVersion "1"]
[SourceVersionDate "2006.05.09"]
[SourceQuality "1"]

1. d4 Nf6 2. c4 e6 3. g3 Bb4+ 4. Bd2 Qe7 5. Bg2 Nc6 6. e3 a5 7. Ne2 e5 8. d5 Nb8 9. 0-0 0-0 10. Nbc3 e4 11. Qc2 Re8 12. a3 Bc5 13. Na4 d6 14. b4 Bg4 15. Rae1 axb4 16. axb4 Ba7 17. Nd4 Na6 18. h3 Bd7 19. Nb5 Nxd5 20. Qb3 Nf6 21. Nxa7 Rxa7 22. Nc3 Raa8 23. f3 exf3 24. Rxf3 Bc6 25. e4 Nxe4 26. Nxe4 Bxe4 27. Rf4 f5 28. Rxf5 Bxf5 29. Rxe7 Rxe7 30. Bxb7 Ra7 31. Bd5+ Kf8 32. Qf3 g6 33. g4 c6 34. Bh6+ Ke8 35. Bxc6+ Kd8 36. Bg5 Nxb4 37. Bxe7+ Rxe7 1-0

[Event "Cutro op-A 12th"]
[Site "Cutro"]
[Date "2006.04.26"]
[Round "4"]
[White "Lazic, Miroljub"]
[Black "Di Caro, Calogero"]
[Result "1/2-1/2"]
[WhiteElo "2493"]
[BlackElo "2318"]
[PlyCount "29"]
[EventDate "2006.04.23"]
[EventType "swiss"]
[EventRounds "9"]
[EventCountry "ITA"]
[SourceTitle "CBM 111 Extra"]
[Source "ChessBase"]
[SourceDate "2006.05.09"]
[SourceVersion "1"]
[SourceVersionDate "2006.05.09"]
[SourceQuality "1"]

1. d4 e6 2. Nf3 Nf6 3. e3 c5 4. Nbd2 Nc6 5. c3 d5 6. Bd3 Bd6 7. 0-0 0-0 8. Qe2 e5 9. dxc5 Bxc5 10. e4 h6 11. exd5 Nxd5 12. Nb3 Bd6 13. Rd1 Qe7 14. Bc2 Be6 15. c4 1/2-1/2

[Event "ITA-chT 38th"]
[Site "Porto San Giorgio"]
[Date "2006.04.22"]
[Round "3.1"]
[White "Shytaj, Luca"]
[Black "Di Caro, Calogero"]
[Result "1/2-1/2"]
[WhiteElo "2433"]
[BlackElo "2318"]
[PlyCount "28"]
[EventDate "2006.04.21"]
[EventType "team-swiss"]
[EventRounds "5"]
[EventCountry "ITA"]
[SourceTitle "EXT 2022"]
[Source "ChessBase"]
[SourceDate "2021.10.06"]
[SourceVersion "1"]
[SourceVersionDate "2021.10.06"]
[SourceQuality "1"]
[WhiteTeam "Potenza Accademia"]
[BlackTeam "Palermitana Accademia"]
[WhiteTeamCountry "ITA"]
[BlackTeamCountry "ITA"]

1. e4 e6 2. d4 d5 3. Nd2 dxe4 4. Nxe4 Nd7 5. Nf3 Ngf6 6. Nxf6+ Nxf6 7. Bg5 c5 8. Bb5+ Bd7 9. Bxd7+ Qxd7 10. dxc5 Bxc5 11. Qxd7+ Nxd7 12. Ke2 f6 13. Bd2 Rc8 14. Rhd1 e5 1/2-1/2

[Event "Mitropa Cup 24th"]
[Site "Steinbrunn"]
[Date "2005.05.23"]
[Round "3"]
[White "Di Caro, Calogero"]
[Black "Kovacevic, Blazimir"]
[Result "0-1"]
[WhiteElo "2370"]
[BlackElo "2510"]
[PlyCount "162"]
[EventDate "2005.05.21"]
[EventType "team-tourn"]
[EventRounds "9"]
[EventCountry "AUT"]
[SourceTitle "CBM 106 Extra"]
[Source "ChessBase"]
[SourceDate "2005.07.01"]
[SourceVersion "1"]
[SourceVersionDate "2005.07.01"]
[SourceQuality "1"]
[WhiteTeam "Italy"]
[BlackTeam "Croatia"]
[WhiteTeamCountry "ITA"]
[BlackTeamCountry "CRO"]

1. Nf3 b6 2. e4 Bb7 3. Nc3 c5 4. d4 cxd4 5. Nxd4 a6 6. Be3 e6 7. Qd2 d6 8. 0-0-0 Nf6 9. f3 Qc7 10. g4 Nc6 11. g5 Nd7 12. h4 0-0-0 13. h5 Kb8 14. Rh3 Nce5 15. f4 Nc4 16. Qe1 d5 17. e5 Bb4 18. a3 Bc5 19. Bf2 g6 20. Kb1 b5 21. Nb3 Bxf2 22. Qxf2 Rc8 23. a4 bxa4 24. Nxa4 Qc6 25. Nc3 Ndb6 26. Rc1 Rhd8 27. hxg6 hxg6 28. Rd3 Rc7 29. Qe1 Rdc8 30. Nd4 Qc5 31. Nce2 a5 32. Rb3 Ba6 33. Nf3 Rb7 34. Ned4 Rcc7 35. Ka1 Na4 36. Rb1 Kc8 37. Qh4 Kb8 38. Qh8+ Ka7 39. Qe8 Nab6 40. Nb5+ Bxb5 41. Qxb5 Qf2 42. Bxc4 Nxc4 43. Qa4 Ka6 44. Rxb7 Rxb7 45. Ne1 Rb4 46. Qc6+ Qb6 47. Qa8+ Qa7 48. Qc6+ Qb6 49. Qa8+ Qa7 50. Qc6+ Nb6 51. b3 Qd7 52. Qxd7 Nxd7 53. Nd3 Rb7 54. Rh1 Kb5 55. Rh7 Nc5 56. Nxc5 Kxc5 57. f5 Rb4 58. Rxf7 exf5 59. Rf6 Re4 60. Rxg6 Rxe5 61. Rf6 Kd4 62. g6 Re1+ 63. Kb2 Ke5 64. Ra6 f4 65. Rxa5 f3 66. g7 Rg1 67. Ra8 Rxg7 68. Rf8 Ke4 69. b4 Ke3 70. Kc3 Rc7+ 71. Kb3 f2 72. b5 Rc4 73. b6 Rc6 74. b7 Rb6+ 75. Kc3 Rxb7 76. Re8+ Kf3 77. Rf8+ Ke2 78. Re8+ Kd1 79. Rf8 Rc7+ 80. Kd4 Rxc2 81. Kxd5 Ke1 0-1

[Event "Rome Petra 03rd"]
[Site "Rome"]
[Date "2005.03.19"]
[Round "8"]
[White "Lazic, Miroljub"]
[Black "Di Caro, Calogero"]
[Result "1-0"]
[WhiteElo "2517"]
[BlackElo "2397"]
[PlyCount "77"]
[EventDate "2005.03.14"]
[EventType "tourn"]
[EventRounds "11"]
[EventCountry "ITA"]
[EventCategory "5"]
[SourceTitle "CBM 105 Extra"]
[Source "ChessBase"]
[SourceDate "2005.05.01"]
[SourceVersion "1"]
[SourceVersionDate "2005.05.01"]
[SourceQuality "1"]

1. d4 Nf6 2. g3 d5 3. Bg2 g6 4. Nf3 Bg7 5. 0-0 0-0 6. c4 dxc4 7. Na3 Nc6 8. Nxc4 Be6 9. b3 Bd5 10. Bb2 a5 11. Rc1 a4 12. bxa4 Ra6 13. a3 Qa8 14. Ne3 Be4 15. Qb3 e6 16. Ne5 Bxg2 17. Nxg2 Nxe5 18. dxe5 Ng4 19. Rxc7 Bxe5 20. Rxb7 Bxb2 21. Qxb2 Rxa4 22. Rb4 h5 23. h3 Nh6 24. Rxa4 Qxa4 25. Qb4 Ra8 26. Qxa4 Rxa4 27. Ra1 Nf5 28. e3 Nd6 29. Ne1 Nb5 30. Nc2 Rc4 31. Ra2 Nc3 32. Rb2 Nd1 33. Rb8+ Kg7 34. Ne1 Rc1 35. Kf1 Ra1 36. Rb3 Ra2 37. Nd3 e5 38. Ke1 e4 39. Nc1 1-0

[Event "Rome Petra 03rd"]
[Site "Rome"]
[Date "2005.03.18"]
[Round "7"]
[White "Di Caro, Calogero"]
[Black "Piscopo, Pierluigi"]
[Result "0-1"]
[WhiteElo "2397"]
[BlackElo "2344"]
[PlyCount "152"]
[EventDate "2005.03.14"]
[EventType "tourn"]
[EventRounds "11"]
[EventCountry "ITA"]
[EventCategory "5"]
[SourceTitle "CBM 105 Extra"]
[Source "ChessBase"]
[SourceDate "2005.05.01"]
[SourceVersion "1"]
[SourceVersionDate "2005.05.01"]
[SourceQuality "1"]

1. Nf3 c5 2. c4 Nc6 3. d4 cxd4 4. Nxd4 Nf6 5. g3 d6 6. Bg2 Bd7 7. 0-0 g6 8. Nc3 Bg7 9. Nxc6 Bxc6 10. e4 0-0 11. Bg5 Qa5 12. Nd5 Bxd5 13. exd5 Rfe8 14. Qd2 Qxd2 15. Bxd2 Nd7 16. Rab1 Rab8 17. Rfc1 Bd4 18. Bf1 e5 19. dxe6 fxe6 20. Bb4 Nc5 21. Kg2 Rf8 22. f3 Rf6 23. Be2 e5 24. Bd2 Rbf8 25. Bg5 R6f7 26. Bh6 Re8 27. b4 Ne6 28. Bd2 Ng7 29. Re1 e4 30. Bf4 Rfe7 31. Red1 Nf5 32. Kh1 Be5 33. Bg5 Rc7 34. fxe4 Nd4 35. Bd3 a5 36. a3 Ra8 37. Bh6 axb4 38. axb4 b6 39. Ra1 Rca7 40. Rxa7 Rxa7 41. Bf1 Ra4 42. Rb1 Kf7 43. Bh3 Ke7 44. Bg4 Nc2 45. Bd2 Ra2 46. Rf1 Rb2 47. Bg5+ Ke8 48. b5 Nd4 49. Bh6 Ke7 50. Ra1 Nb3 51. Ra7+ Ke8 52. Be6 Nc5 53. Bd5 Bf6 54. Rxh7 g5 55. Bc6+ Kd8 56. Rf7 Be7 57. Rg7 Nd3 58. Rg8+ Kc7 59. Ra8 Bf6 60. Ra7+ Kb8 61. Ra8+ Kc7 62. Bf8 g4 63. Ra7+ Kd8 64. Bxd6 Nf2+ 65. Kg1 Nh3+ 66. Kf1 Rf2+ 67. Ke1 Bc3+ 68. Kd1 Rd2+ 69. Kc1 Rxd6 70. Bd5 Rf6 71. Ra8+ Ke7 72. Rg8 Rf2 73. Rxg4 Re2 74. Rh4 Nf2 75. c5 Nd3+ 76. Kd1 Rd2# 0-1

[Event "Rome Petra 03rd"]
[Site "Rome"]
[Date "2005.03.17"]
[Round "6"]
[White "Martorelli, Antonio"]
[Black "Di Caro, Calogero"]
[Result "1-0"]
[WhiteElo "2273"]
[BlackElo "2397"]
[PlyCount "35"]
[EventDate "2005.03.14"]
[EventType "tourn"]
[EventRounds "11"]
[EventCountry "ITA"]
[EventCategory "5"]
[SourceTitle "CBM 105 Extra"]
[Source "ChessBase"]
[SourceDate "2005.05.01"]
[SourceVersion "1"]
[SourceVersionDate "2005.05.01"]
[SourceQuality "1"]

1. e4 e5 2. Nf3 d6 3. d4 exd4 4. Nxd4 Nf6 5. Nc3 Be7 6. Bf4 0-0 7. Qd2 d5 8. Ndb5 c6 9. Nc7 d4 10. Nxa8 dxc3 11. Qxd8 Rxd8 12. bxc3 Nxe4 13. Bd3 Bd6 14. Bxd6 Nxd6 15. 0-0-0 b6 16. Rhe1 Kf8 17. Nc7 g6 18. Bf1 1-0

[Event "Cappelle op 21st"]
[Site "Cappelle la Grande"]
[Date "2005.02.18"]
[Round "8"]
[White "Rozentalis, Eduardas"]
[Black "Di Caro, Calogero"]
[Result "1/2-1/2"]
[WhiteElo "2584"]
[BlackElo "2397"]
[PlyCount "55"]
[EventDate "2005.02.12"]
[EventType "swiss"]
[EventRounds "9"]
[EventCountry "FRA"]
[SourceTitle "EXT 2006"]
[Source "ChessBase"]
[SourceDate "2005.11.24"]
[SourceVersion "1"]
[SourceVersionDate "2005.11.24"]
[SourceQuality "1"]

1. e4 e6 2. d4 d5 3. e5 c5 4. c3 Nc6 5. Nf3 Qb6 6. Be2 f6 7. 0-0 Bd7 8. a3 fxe5 9. dxe5 Nh6 10. Re1 c4 11. b4 cxb3 12. Bxh6 gxh6 13. Nbd2 Bc5 14. Rf1 Na5 15. Rb1 Ba4 16. Ne1 0-0-0 17. Nd3 Kb8 18. Bg4 Bxa3 19. Ra1 b2 20. Qxa4 bxa1Q 21. Rxa1 Nc4 22. Rb1 Qc7 23. Nf3 Bc5 24. Nf4 Rhe8 25. Nxe6 Rxe6 26. Bxe6 Nxe5 27. Nd4 Bb6 28. Qb3 1/2-1/2

[Event "Cappelle op 21st"]
[Site "Cappelle la Grande"]
[Date "2005.02.17"]
[Round "7"]
[White "Di Caro, Calogero"]
[Black "Israel, Gregory"]
[Result "1-0"]
[WhiteElo "2397"]
[BlackElo "2149"]
[PlyCount "71"]
[EventDate "2005.02.12"]
[EventType "swiss"]
[EventRounds "9"]
[EventCountry "FRA"]
[SourceTitle "EXT 2006"]
[Source "ChessBase"]
[SourceDate "2005.11.24"]
[SourceVersion "1"]
[SourceVersionDate "2005.11.24"]
[SourceQuality "1"]

1. c4 c6 2. Nf3 d5 3. e3 Bg4 4. cxd5 Qxd5 5. Be2 e6 6. Nc3 Qd6 7. 0-0 Nd7 8. d4 Ngf6 9. e4 Qc7 10. Be3 Bb4 11. Qc2 0-0 12. e5 Bxf3 13. Bxf3 Ne8 14. Ne4 Nb6 15. Ng5 g6 16. Qe4 Be7 17. Qh4 Bxg5 18. Bxg5 Ng7 19. Rad1 Rfc8 20. Be4 Nd7 21. f4 Qb6 22. Qf2 Qb4 23. a3 Qb6 24. g4 Nf8 25. Kh1 Qc7 26. Rd3 Qd7 27. Rf3 c5 28. dxc5 Qb5 29. Be7 Nd7 30. b4 a5 31. Rb1 Ne8 32. Qf1 Qxf1+ 33. Rfxf1 axb4 34. axb4 Ra7 35. Rfd1 Nf8 36. Ra1 1-0

[Event "ITA-ch 64th"]
[Site "Montecatini Terme"]
[Date "2005.02.04"]
[Round "7"]
[White "Contin, Daniel"]
[Black "Di Caro, Calogero"]
[Result "1-0"]
[WhiteElo "2371"]
[BlackElo "2397"]
[PlyCount "57"]
[EventDate "2005.01.29"]
[EventType "tourn"]
[EventRounds "9"]
[EventCountry "ITA"]
[EventCategory "4"]
[SourceTitle "CBM 104 Extra"]
[Source "ChessBase"]
[SourceDate "2005.03.01"]
[SourceVersion "1"]
[SourceVersionDate "2005.03.01"]
[SourceQuality "1"]

1. Nf3 Nf6 2. c4 e6 3. g3 d5 4. b3 dxc4 5. bxc4 e5 6. Nc3 e4 7. Ng5 Ng8 8. h4 f5 9. d3 Bb4 10. Qb3 Nc6 11. Be3 Qf6 12. Rc1 Nh6 13. Bh3 exd3 14. 0-0 Bxc3 15. Rxc3 dxe2 16. Re1 0-0 17. Bg2 Bd7 18. Rxe2 Ng4 19. Rd2 Nxe3 20. Rxe3 f4 21. Re4 Na5 22. Qd1 Bc6 23. Re6 Qc3 24. Rc2 Rad8 25. Bd5 Bxd5 26. cxd5 Qb4 27. Qd3 Qb1+ 28. Kg2 f3+ 29. Kh2 1-0

[Event "ITA-ch 64th"]
[Site "Montecatini Terme"]
[Date "2005.01.31"]
[Round "3"]
[White "Bruno, Fabio"]
[Black "Di Caro, Calogero"]
[Result "1-0"]
[WhiteElo "2379"]
[BlackElo "2397"]
[PlyCount "59"]
[EventDate "2005.01.29"]
[EventType "tourn"]
[EventRounds "9"]
[EventCountry "ITA"]
[EventCategory "4"]
[SourceTitle "CBM 104 Extra"]
[Source "ChessBase"]
[SourceDate "2005.03.01"]
[SourceVersion "1"]
[SourceVersionDate "2005.03.01"]
[SourceQuality "1"]

1. c4 Nf6 2. Nc3 e5 3. e3 Bb4 4. Nge2 0-0 5. a3 Bxc3 6. Nxc3 d5 7. cxd5 Nxd5 8. Qc2 Nc6 9. Bd3 Kh8 10. Nxd5 Qxd5 11. Be4 Qd6 12. b4 f5 13. Bf3 a6 14. Bb2 Bd7 15. Rc1 Rae8 16. Qc5 Qg6 17. h4 h6 18. h5 Qg5 19. g3 Qd8 20. Be2 Be6 21. f4 Bd5 22. Rf1 Rf7 23. a4 exf4 24. Rxf4 Ne5 25. e4 Rfe7 26. Rxf5 b6 27. Qd4 c5 28. bxc5 bxc5 29. Rxc5 Nf3+ 30. Rxf3 1-0

[Event "Reggio Emilia 0405 47th"]
[Site "Reggio Emilia"]
[Date "2004.12.29"]
[Round "1"]
[White "Di Caro, Calogero"]
[Black "Komarov, Dimitri"]
[Result "1/2-1/2"]
[WhiteElo "2317"]
[BlackElo "2555"]
[PlyCount "40"]
[EventDate "2004.12.29"]
[EventType "tourn"]
[EventRounds "9"]
[EventCountry "ITA"]
[EventCategory "8"]
[SourceTitle "CBM 104 Extra"]
[Source "ChessBase"]
[SourceDate "2005.03.01"]
[SourceVersion "1"]
[SourceVersionDate "2005.03.01"]
[SourceQuality "1"]

1. Nf3 d5 2. d4 Nf6 3. c4 c6 4. e3 Bg4 5. cxd5 Bxf3 6. Qxf3 cxd5 7. Nc3 Nc6 8. Bd3 e6 9. 0-0 Bd6 10. Bd2 Qe7 11. Rac1 Rd8 12. Rfd1 0-0 13. Qe2 e5 14. dxe5 Qxe5 15. g3 Rfe8 16. Nb5 Qxb2 17. Rb1 Qe5 18. Bc3 Qe7 19. Bxf6 Qxf6 20. Nxd6 Rxd6 1/2-1/2

[Event "Montecatini Terme"]
[Site "Montecatini Terme"]
[Date "2004.11.13"]
[Round "10"]
[White "Djuric, Stefan"]
[Black "Di Caro, Calogero"]
[Result "1-0"]
[WhiteElo "2479"]
[BlackElo "2317"]
[PlyCount "69"]
[EventDate "2004.11.06"]
[EventType "tourn"]
[EventRounds "11"]
[EventCountry "ITA"]
[EventCategory "2"]
[SourceTitle "EXT 2006"]
[Source "ChessBase"]
[SourceDate "2005.11.24"]
[SourceVersion "1"]
[SourceVersionDate "2005.11.24"]
[SourceQuality "1"]

1. Nf3 d6 2. e4 Nf6 3. Nc3 g6 4. d4 Bg7 5. Be2 0-0 6. 0-0 Bg4 7. h3 Bxf3 8. Bxf3 Nc6 9. d5 Ne5 10. Be2 c6 11. Re1 Qc7 12. a4 Rfc8 13. a5 a6 14. Bf1 b5 15. axb6 Qxb6 16. Ra2 Ne8 17. Be3 Qb7 18. Qd2 Nc7 19. Bg5 Kf8 20. Kh1 Nb5 21. dxc6 Qxc6 22. Nd5 Re8 23. Bxb5 Qxb5 24. Nc7 Qc4 25. Nxe8 Qxa2 26. Nxg7 Kxg7 27. Bh6+ Kg8 28. f4 Nd7 29. Qc3 Nf6 30. e5 dxe5 31. fxe5 Nd5 32. Qc6 Rb8 33. Rd1 e6 34. c4 Qb3 35. Rxd5 1-0

[Event "Montecatini Terme"]
[Site "Montecatini Terme"]
[Date "2004.11.11"]
[Round "7"]
[White "Tocchioni, Doriano"]
[Black "Di Caro, Calogero"]
[Result "0-1"]
[WhiteElo "2274"]
[BlackElo "2317"]
[PlyCount "80"]
[EventDate "2004.11.06"]
[EventType "tourn"]
[EventRounds "11"]
[EventCountry "ITA"]
[EventCategory "2"]
[SourceTitle "EXT 2006"]
[Source "ChessBase"]
[SourceDate "2005.11.24"]
[SourceVersion "1"]
[SourceVersionDate "2005.11.24"]
[SourceQuality "1"]

1. d4 d6 2. Nf3 Bg4 3. Bg5 Nd7 4. Nbd2 h6 5. Bh4 g5 6. Bg3 Bg7 7. c3 e6 8. h3 Bh5 9. Qb3 Rb8 10. e3 Qe7 11. Bd3 f5 12. Qa3 Ngf6 13. Qxa7 0-0 14. Qa3 Bg6 15. Be2 Qe8 16. Qb3 Kh8 17. a4 e5 18. Bh2 f4 19. exf4 exf4 20. Qd1 Bd3 21. Nb3 Bxe2 22. Qxe2 Qf7 23. Qc2 Rfe8+ 24. Kd1 Ne4 25. Ra3 Nb6 26. Nc1 c5 27. Re1 Qf5 28. Nd3 Nc4 29. Rb3 Nxf2+ 30. Qxf2 Qxd3+ 31. Kc1 Ne3 32. dxc5 dxc5 33. Qe2 Qd5 34. Rb5 Qa2 35. Nd2 Bxc3 36. Qh5 Bxd2+ 37. Kxd2 Rbd8+ 38. Ke2 Nf5+ 39. Kf1 Qc4+ 40. Re2 Rd1+ 0-1